<?xml version="1.0" encoding="UTF-8"?><?xml-stylesheet type="text/xsl" href="static/style.xsl"?><OAI-PMH xmlns="http://www.openarchives.org/OAI/2.0/" xmlns:xsi="http://www.w3.org/2001/XMLSchema-instance" xsi:schemaLocation="http://www.openarchives.org/OAI/2.0/ http://www.openarchives.org/OAI/2.0/OAI-PMH.xsd"><responseDate>2026-04-19T11:21:56Z</responseDate><request verb="GetRecord" identifier="oai:www.recercat.cat:10459.1/64865" metadataPrefix="marc">https://recercat.cat/oai/request</request><GetRecord><record><header><identifier>oai:recercat.cat:10459.1/64865</identifier><datestamp>2024-12-05T23:12:05Z</datestamp><setSpec>com_2072_3622</setSpec><setSpec>col_2072_478537</setSpec></header><metadata><record xmlns="http://www.loc.gov/MARC21/slim" xmlns:dcterms="http://purl.org/dc/terms/" xmlns:xsi="http://www.w3.org/2001/XMLSchema-instance" xmlns:doc="http://www.lyncode.com/xoai" xsi:schemaLocation="http://www.loc.gov/MARC21/slim http://www.loc.gov/standards/marcxml/schema/MARC21slim.xsd">
   <leader>00925njm 22002777a 4500</leader>
   <datafield ind2=" " ind1=" " tag="042">
      <subfield code="a">dc</subfield>
   </datafield>
   <datafield ind2=" " ind1=" " tag="720">
      <subfield code="a">Samarra Ros, Eudald</subfield>
      <subfield code="e">author</subfield>
   </datafield>
   <datafield ind2=" " ind1=" " tag="260">
      <subfield code="c">2018-10-11T08:43:21Z</subfield>
   </datafield>
   <datafield ind2=" " ind1=" " tag="260">
      <subfield code="c">2018-10-11T08:43:21Z</subfield>
   </datafield>
   <datafield ind2=" " ind1=" " tag="260">
      <subfield code="c">2018-09</subfield>
   </datafield>
   <datafield ind2=" " ind1=" " tag="520">
      <subfield code="a">L’objectiu principal del present projecte consisteix en la realització d’una desconnexió&#xd;
total de la xarxa de subministrament elèctric d’una explotació porcina i substituir-la per&#xd;
una font principal d’energia renovable.&#xd;
Per tal d’assolir el citat objectiu, també es procedirà a:&#xd;
- La identificació de les necessitats energètiques actuals de l’explotació.&#xd;
- La realització d’un estudi climatològic de la zona&#xd;
- La realització d’un estudi tècnic de les diferents alternatives d’energies&#xd;
renovables a aplicar.&#xd;
- La realització d’un petit estudi econòmic de la rendibilitat de les alternatives&#xd;
plantejades.&#xd;
- La identificació dels avantatges i els inconvenients de cada alternativa per tal&#xd;
d’escollir la més adequada.&#xd;
- La realització d’un estudi de l’impacte ambiental de l’alternativa escollida.</subfield>
   </datafield>
   <datafield ind1="8" ind2=" " tag="024">
      <subfield code="a">http://hdl.handle.net/10459.1/64865</subfield>
   </datafield>
   <datafield tag="653" ind2=" " ind1=" ">
      <subfield code="a">Energies renovables</subfield>
   </datafield>
   <datafield tag="653" ind2=" " ind1=" ">
      <subfield code="a">Energia tèrmica</subfield>
   </datafield>
   <datafield tag="653" ind2=" " ind1=" ">
      <subfield code="a">Sector porcí</subfield>
   </datafield>
   <datafield tag="653" ind2=" " ind1=" ">
      <subfield code="a">Energies renovables</subfield>
   </datafield>
   <datafield ind2="0" ind1="0" tag="245">
      <subfield code="a">Anàlisi de la viabilitat tècnica i econòmica d'una explotació porcina autosuficient mitjançant energies renovables</subfield>
   </datafield>
</record></metadata></record></GetRecord></OAI-PMH>